banner-ar

من تراث الشيخ محمد عياد الطنطاوى : (Record no. 61790)

MARC details
000 -الفاتح
حقل البيانات ثابتة الطول 00999nam a22002417a 4500
005 - وقت وتاريخ اخر تعامل مع التسجيلة
رقم الضبط 20240530110516.0
008 - عناصر البيانات ثابتة الطول - معلومات عامة
حقل البيانات ثابتة الطول 160201s2013 ua ao g 000 0dara d
017 ## - رقم الايداع القانونى
رقم الايداع القانونى 2013/4286
المصدر ( الهيئة المختصة) مصر . دار الكتب المصرية
040 ## - مصدر الفهرسة
وكالة الفهرسة الأصلية EG-CaGPL
082 04 - رقم تصنيف ديوى العشرى
رقم الطبعة 21
رقم التصنيف 924.1\
رقم المادة ح م
245 00 - بيان العنوان
العنوان من تراث الشيخ محمد عياد الطنطاوى :
بقية العنوان اول معلم للعربية فى البلاد الروسية /
بيان المسئوليه,etc تقديم حسين الشافعى
250 ## - بيان الطبعة
بيان الطبعة ط1
260 ## - PUBLICATION, DISTRIBUTION, ETC. (IMPRINT)
تاريخ النشر أو التوزيع 2013 .
300 ## - الوصف المادى
التعداد 313 ص :
تفاصيل ماديه اخرى للوعاء صور ؛
أبعاد الوعاء 24 سم .
600 04 - المدخل الاضافى بالموضوع-اسم شخصى
الإسم الشخصى محمد عياد الطنطاوى
التقسيم الفرعي الشكلي تراجم
650 04 - المدخل الاضافى بالموضوع-مصطلح موضوعى
مصطلح موضوعي اللغويون المصريون
التقسيم الفرعي الشكلي تراجم
651 04 - المدخل الاضافى بالموضوع - اسم جغرافى
الاسم الجغرافي روسيا
التقسيم الفرعي العام تاريخ
651 04 - المدخل الاضافى بالموضوع - اسم جغرافى
الاسم الجغرافي روسيا
التقسيم الفرعي العام الاحوال الاجتماعية
651 04 - المدخل الاضافى بالموضوع - اسم جغرافى
الاسم الجغرافي روسيا
التقسيم الفرعي العام الاحوال الثقافية
700 0# - المدخل الاضافى - اسم شخصى
الإسم الشخصى حسين الشافعى
الدور مقدم
942 ## - عناصر المدخل الإضافي( كوها)
مصدر التصنيف او مخطط الترفيف Dewey Decimal Classification
Koha [default] item type كتاب
260 ## - PUBLICATION, DISTRIBUTION, ETC. (IMPRINT)
-- القاهرة :
-- انباء روسيا ،
Holdings
حالة التراجع حالة الفقد حالة تلف ليس للاعارة المكان المؤقت الموقع الحالى تاريخ الاكتساب اجمالي اﻻعارات رقم الطلب الباركود تاريخ اخر مشاهدة تاريخ تفعيل السعر نوع وعاء كوها
        مكتبة القاهرة الكبرى مكتبة القاهرة الكبرى 02/01/2016   924.1\ ح م 161194 02/01/2016 02/01/2016 كتاب

Powered By

EGPV